000 00347nam a2200133Ia 4500
100 _aPillai S.O
942 _cBK
654 _asolid state physics
245 _aSolid state physics : Structure and Electron related Properties
260 _bWILEY EASTERN LIMITED
_aNew Delhi
_c1994
082 _a530.41
_bPAN
300 _a599
546 _aENGLISH
999 _c18280
_d18280